[Event "44th Chess Olympiad Open 2022"]
[Site "Chennai"]
[Date "2022.07.29"]
[Round "1.1"]
[White "Vidit, Santosh Gujrathi"]
[Black "Makoto, Rodwell"]
[Result "1-0"]
[WhiteElo "2714"]
[BlackElo "2346"]
[Annotator "TA"]
[PlyCount "97"]
[EventDate "2022.07.29"]
[EventType "team-tourn"]
[EventCountry "IND"]
[SourceTitle "playchess.com"]
[Source "ChessBase"]
[SourceQuality "1"]
[WhiteTeam "India"]
[BlackTeam "Zimbabwe"]
[WhiteTeamCountry "IND"]
[BlackTeamCountry "ZIM"]

1. Nf3 Nf6 2. c4 g6 3. Nc3 Bg7 4. e4 d6 5. d4 O-O 6. Be2 e5 7. O-O Nc6 8. d5
Ne7 9. b4 a5 10. bxa5 Rxa5 11. a4 Nd7 12. Nd2 Nc5 13. Nb3 Nxb3 14. Qxb3 f5 15.
f3 Kh8 16. Ba3 c5 17. dxc6 Nxc6 18. Bd3 Bh6 19. Kh1 Be3 20. Nb5 Bc5 21. Rad1
Nd4 22. Nxd4 exd4 23. Bc2 fxe4 24. Bxe4 Qe8 25. Bb2 Qxa4 26. Qd3 Qe8 27. Rfe1
Qf7 28. Bxd4+ Bxd4 29. Qxd4+ Qf6 30. Qxd6 Qxd6 31. Rxd6 Rc5 32. Bd3 Kg7 33. Kg1
Rf6 34. Re7+ Rf7 35. Rxf7+ Kxf7 36. Rb6 Rc7 37. Kf2 Bd7 38. Ke3 Bc6 39. h4 Kf6
40. Be4 g5 41. h5 Ke5 42. Bxc6 bxc6 43. Ra6 c5 44. Ra5 Kf5 45. g4+ Ke5 46. Ra8
Re7 47. Rd8 Kf6+ 48. Kd3 Re1 49. Rf8+ 1-0

[Event "44th Chess Olympiad Open 2022"]
[Site "Chennai"]
[Date "2022.07.29"]
[Round "1.1"]
[White "Narayanan.S.L"]
[Black "Mushore, Emarald Takudzwa"]
[Result "1-0"]
[WhiteElo "2659"]
[BlackElo "2153"]
[Annotator "TA"]
[PlyCount "65"]
[EventDate "2022.07.29"]
[EventType "team-tourn"]
[EventCountry "IND"]
[SourceTitle "playchess.com"]
[Source "ChessBase"]
[SourceQuality "1"]
[WhiteTeam "India"]
[BlackTeam "Zimbabwe"]
[WhiteTeamCountry "IND"]
[BlackTeamCountry "ZIM"]

1. c4 Nf6 2. Nc3 e6 3. e4 d6 4. d4 Nbd7 5. Nf3 e5 6. Be2 c6 7. O-O Be7 8. Qc2
O-O 9. Rd1 Qc7 10. h3 Re8 11. Be3 Bf8 12. d5 a5 13. a3 Nc5 14. b4 axb4 15. axb4
Rxa1 16. Rxa1 Na6 17. Qb2 c5 18. bxc5 Nxc5 19. Nd2 Bd7 20. Bxc5 dxc5 21. Bd1
Rb8 22. Ba4 Ra8 23. Bxd7 Rxa1+ 24. Qxa1 Nxd7 25. Qa8 Qb8 26. Qa4 Qd8 27. Qb5
Qc7 28. Nb3 g6 29. Na5 b6 30. Nc6 Qb7 31. Qa4 Kg7 32. Nb5 Kg8 33. Qa1 1-0

[Event "44th Chess Olympiad Open 2022"]
[Site "Chennai"]
[Date "2022.07.29"]
[Round "1.1"]
[White "Masango, Spencer"]
[Black "Erigaisi Arjun"]
[Result "0-1"]
[WhiteElo "2170"]
[BlackElo "2689"]
[Annotator "TA"]
[PlyCount "75"]
[EventDate "2022.07.29"]
[EventType "team-tourn"]
[EventCountry "IND"]
[SourceTitle "playchess.com"]
[Source "ChessBase"]
[SourceQuality "1"]
[WhiteTeam "Zimbabwe"]
[BlackTeam "India"]
[WhiteTeamCountry "ZIM"]
[BlackTeamCountry "IND"]

1. Nf3 d5 2. d4 Nf6 3. c4 e6 4. g3 Bb4+ 5. Bd2 a5 6. Bg2 O-O 7. O-O dxc4 8. Qc2
Bxd2 9. Nbxd2 b5 10. a4 c6 11. e4 Na6 12. b3 Nb4 13. Qc3 cxb3 14. Qxb3 Ba6 15.
Rfc1 bxa4 16. Rxa4 Bb5 17. Raa1 Qe7 18. Ne5 Rfd8 19. Qe3 Qd6 20. Ndf3 Nd7 21.
Nc4 Qc7 22. Qc3 Bxc4 23. Qxc4 Qb6 24. Ne1 Nb8 25. Rd1 N8a6 26. d5 cxd5 27. exd5
Rac8 28. Qg4 f5 29. Qg5 Nxd5 30. Bxd5 exd5 31. Nd3 Rf8 32. Nf4 Rc2 33. Rf1 Nb4
34. Nh5 Rc7 35. Rac1 h6 36. Qf4 Rxc1 37. Qxc1 Kh7 38. Qb2 0-1

[Event "44th Chess Olympiad Open 2022"]
[Site "Chennai"]
[Date "2022.07.29"]
[Round "1.2"]
[White "So, Wesley"]
[Black "Miguel, Sergio"]
[Result "1-0"]
[WhiteElo "2773"]
[BlackElo "2274"]
[Annotator "TA"]
[PlyCount "83"]
[EventDate "2022.07.29"]
[EventType "team-tourn"]
[EventCountry "IND"]
[SourceTitle "playchess.com"]
[Source "ChessBase"]
[SourceQuality "1"]
[WhiteTeam "United States"]
[BlackTeam "Angola"]
[WhiteTeamCountry "USA"]
[BlackTeamCountry "ANG"]

1. d4 Nf6 2. c4 e6 3. Nc3 Bb4 4. e3 O-O 5. Bd3 d5 6. cxd5 exd5 7. a3 Bxc3+ 8.
bxc3 b6 9. Ne2 Ba6 10. O-O Bxd3 11. Qxd3 Qc8 12. f3 Qa6 13. Qxa6 Nxa6 14. g4 c5
15. a4 Rfe8 16. Rd1 cxd4 17. cxd4 Nb4 18. Rb1 a5 19. Bd2 Rac8 20. Rdc1 Rxc1+
21. Rxc1 h6 22. h4 g6 23. Rb1 Nc2 24. Kf2 Re6 25. Nf4 Rd6 26. Rc1 Na3 27. Rc8+
Kg7 28. Bc1 Nb1 29. Ke2 g5 30. hxg5 hxg5 31. Nd3 b5 32. axb5 Rb6 33. Ne5 Rxb5
34. Rc7 Ne8 35. Rxf7+ Kg8 36. Ra7 Nd6 37. Kd1 Nc4 38. Nxc4 dxc4 39. Kc2 c3 40.
d5 Nd2 41. d6 Rd5 42. d7 1-0

[Event "44th Chess Olympiad Open 2022"]
[Site "Chennai"]
[Date "2022.07.29"]
[Round "1.2"]
[White "Shankland, Sam"]
[Black "Junior, Domingos"]
[Result "1-0"]
[WhiteElo "2720"]
[BlackElo "2107"]
[Annotator "TA"]
[PlyCount "105"]
[EventDate "2022.07.29"]
[EventType "team-tourn"]
[EventCountry "IND"]
[SourceTitle "playchess.com"]
[Source "ChessBase"]
[SourceQuality "1"]
[WhiteTeam "United States"]
[BlackTeam "Angola"]
[WhiteTeamCountry "USA"]
[BlackTeamCountry "ANG"]

1. d4 Nf6 2. c4 e6 3. Nf3 b6 4. g3 Bb7 5. Bg2 Be7 6. O-O O-O 7. Re1 d5 8. cxd5
exd5 9. Nc3 Nbd7 10. Bf4 Ne4 11. Rc1 c5 12. dxc5 Ndxc5 13. Be5 Nxc3 14. Bxc3
Ne4 15. Bd4 Bb4 16. Rf1 Qe7 17. Qa4 Bc5 18. e3 Rfd8 19. Rfd1 a6 20. Ne1 Rac8
21. Nd3 b5 22. Bxc5 Rxc5 23. Qa3 Rc7 24. Qxe7 Rxe7 25. Nb4 g6 26. Rd4 Red7 27.
Nd3 f5 28. b4 Kg7 29. h4 Kf6 30. Nc5 Nxc5 31. Rxc5 Ke5 32. Kf1 Rd6 33. Ke2 Bc6
34. Rd2 R8d7 35. Rdc2 Bb7 36. Kd3 Rb6 37. Rc7 Rbd6 38. R2c5 Ba8 39. Rc8 Bb7 40.
Rb8 Re7 41. Bf3 Rdd7 42. g4 Rc7 43. Re8 Kd6 44. Rd8+ Red7 45. Rxc7 Kxc7 46.
Rxd7+ Kxd7 47. g5 Kd6 48. Kd4 Ba8 49. h5 Bb7 50. h6 Ke6 51. Bg2 Kd6 52. f4 Bc6
53. Bf3 1-0

[Event "44th Chess Olympiad Open 2022"]
[Site "Chennai"]
[Date "2022.07.29"]
[Round "1.2"]
[White "Silva, David"]
[Black "Aronian, Levon"]
[Result "1/2-1/2"]
[WhiteElo "2315"]
[BlackElo "2775"]
[Annotator "TA"]
[PlyCount "82"]
[EventDate "2022.07.29"]
[EventType "team-tourn"]
[EventCountry "IND"]
[SourceTitle "playchess.com"]
[Source "ChessBase"]
[SourceQuality "1"]
[WhiteTeam "Angola"]
[BlackTeam "United States"]
[WhiteTeamCountry "ANG"]
[BlackTeamCountry "USA"]

1. e4 c5 2. Nf3 d6 3. Bb5+ Nd7 4. c3 Ngf6 5. Bd3 Ne5 6. Nxe5 dxe5 7. Bc2 g6 8.
d3 Bg7 9. Be3 b6 10. O-O O-O 11. h3 Ba6 12. Re1 Qd6 13. Na3 Rad8 14. Qf3 Nh5
15. Rad1 Bb7 16. Bb3 Kh8 17. Qg4 Qc6 18. Bd5 Rxd5 19. exd5 Qxd5 20. f3 Qc6 21.
Qc4 Qd6 22. Qa4 Qb8 23. b4 cxb4 24. Qxb4 Re8 25. c4 Nf6 26. Nb5 Nd7 27. a4 a5
28. Qb1 Kg8 29. Bf2 Bc6 30. Qb3 Nc5 31. Bxc5 bxc5 32. Qc2 Bd7 33. Rb1 Rc8 34.
Qd2 Qb6 35. Rb3 Qd8 36. Reb1 Rb8 37. Qe3 e4 38. Qxe4 e6 39. Qf4 Be8 40. Kh1 h5
41. Qd6 Bf8 1/2-1/2

[Event "44th Chess Olympiad Open 2022"]
[Site "Chennai"]
[Date "2022.07.29"]
[Round "1.2"]
[White "Dias, Vanderson"]
[Black "Dominguez Perez, Leinier"]
[Result "0-1"]
[WhiteElo "2139"]
[BlackElo "2754"]
[Annotator "TA"]
[PlyCount "60"]
[EventDate "2022.07.29"]
[EventType "team-tourn"]
[EventCountry "IND"]
[SourceTitle "playchess.com"]
[Source "ChessBase"]
[SourceQuality "1"]
[WhiteTeam "Angola"]
[BlackTeam "United States"]
[WhiteTeamCountry "ANG"]
[BlackTeamCountry "USA"]

1. e4 c5 2. Nf3 d6 3. d4 cxd4 4. Nxd4 Nf6 5. Nc3 a6 6. Be2 e5 7. Nf3 Be7 8. Bg5
Be6 9. O-O Nbd7 10. Qd2 Rc8 11. Bxf6 Nxf6 12. h3 O-O 13. Bd3 h6 14. Rfe1 Qb6
15. Na4 Qc6 16. b3 b5 17. Nb2 Nd7 18. c4 Nc5 19. cxb5 axb5 20. Rac1 Qa8 21. Bb1
Qa3 22. Nd3 Bd8 23. Qb2 Qxb2 24. Nxb2 Ba5 25. Red1 Bb4 26. Nd3 Ba3 27. Rc2 Nxe4
28. Rxc8 Rxc8 29. Nd2 Nxd2 30. Rxd2 e4 0-1

[Event "44th Chess Olympiad Open 2022"]
[Site "Chennai"]
[Date "2022.07.29"]
[Round "1.3"]
[White "Hammer, Jon Ludvig"]
[Black "El Jawich, Amro"]
[Result "1-0"]
[WhiteElo "2638"]
[BlackElo "2314"]
[Annotator "TA"]
[PlyCount "65"]
[EventDate "2022.07.29"]
[EventType "team-tourn"]
[EventCountry "IND"]
[SourceTitle "playchess.com"]
[Source "ChessBase"]
[SourceQuality "1"]
[WhiteTeam "Norway"]
[BlackTeam "Lebanon"]
[WhiteTeamCountry "NOR"]
[BlackTeamCountry "LBN"]

1. d4 Nf6 2. c4 g6 3. g3 Bg7 4. Bg2 O-O 5. Nc3 d6 6. Nf3 c5 7. O-O Nc6 8. dxc5
dxc5 9. Be3 Be6 10. Ng5 Qxd1 11. Rfxd1 Bxc4 12. Bxc5 h6 13. Nf3 Rfd8 14. Nd2
Ba6 15. Bxc6 bxc6 16. Bxe7 Re8 17. Bxf6 Bxf6 18. e3 Rab8 19. Nb3 Bc4 20. Na5
Bxc3 21. Nxc4 Bxb2 22. Rab1 Bg7 23. Kf1 h5 24. h4 c5 25. a3 Bf8 26. Ke2 Kg7 27.
Rxb8 Rxb8 28. Rd7 Rb3 29. Kd2 Kf6 30. Kc2 Rb8 31. Rxa7 Ke6 32. Ra6+ Kf5 33. f3
1-0

[Event "44th Chess Olympiad Open 2022"]
[Site "Chennai"]
[Date "2022.07.29"]
[Round "1.3"]
[White "Urkedal, Frode Olav Olsen"]
[Black "Kassis, Antoine"]
[Result "1-0"]
[WhiteElo "2555"]
[BlackElo "2202"]
[Annotator "TA"]
[PlyCount "45"]
[EventDate "2022.07.29"]
[EventType "team-tourn"]
[EventCountry "IND"]
[SourceTitle "playchess.com"]
[Source "ChessBase"]
[SourceQuality "1"]
[WhiteTeam "Norway"]
[BlackTeam "Lebanon"]
[WhiteTeamCountry "NOR"]
[BlackTeamCountry "LBN"]

1. d4 Nf6 2. c4 c5 3. d5 b5 4. cxb5 a6 5. e3 e6 6. Nc3 Bb7 7. e4 axb5 8. Bxb5
exd5 9. exd5 Bd6 10. Nf3 O-O 11. O-O h6 12. Re1 Qb6 13. Nd2 Qc7 14. Nc4 Bxh2+
15. Kh1 Bd6 16. Qf3 Ne8 17. Qg4 Kh8 18. Qh4 Na6 19. Bxh6 gxh6 20. Qxh6+ Kg8 21.
Rxe8 Raxe8 22. Nxd6 Re5 23. Nce4 1-0

[Event "44th Chess Olympiad Open 2022"]
[Site "Chennai"]
[Date "2022.07.29"]
[Round "1.3"]
[White "Khairallah, Faisal"]
[Black "Christiansen, Johan-Sebastian"]
[Result "1/2-1/2"]
[WhiteElo "2239"]
[BlackElo "2593"]
[Annotator "TA"]
[PlyCount "50"]
[EventDate "2022.07.29"]
[EventType "team-tourn"]
[EventCountry "IND"]
[SourceTitle "playchess.com"]
[Source "ChessBase"]
[SourceQuality "1"]
[WhiteTeam "Lebanon"]
[BlackTeam "Norway"]
[WhiteTeamCountry "LBN"]
[BlackTeamCountry "NOR"]

1. e4 e6 2. b3 d5 3. Bb2 dxe4 4. Nc3 Nf6 5. Qe2 Nc6 6. O-O-O Nd4 7. Qe1 Be7 8.
d3 e5 9. dxe4 Nd7 10. f4 Nc6 11. Nd5 O-O 12. Nf3 exf4 13. Kb1 Re8 14. Nxf4 Bf6
15. e5 Bxe5 16. Nxe5 Ncxe5 17. Qg3 h6 18. h4 Qe7 19. Bc4 Kh8 20. Rhe1 c6 21.
Nd3 f6 22. Nf4 Nf8 23. Nd3 Nfd7 24. Nf4 Nf8 25. Nd3 Nfd7 1/2-1/2

[Event "44th Chess Olympiad Open 2022"]
[Site "Chennai"]
[Date "2022.07.29"]
[Round "1.3"]
[White "Kaloust, Giorgio"]
[Black "Tari, Aryan"]
[Result "0-1"]
[WhiteElo "1942"]
[BlackElo "2672"]
[Annotator "TA"]
[PlyCount "60"]
[EventDate "2022.07.29"]
[EventType "team-tourn"]
[EventCountry "IND"]
[SourceTitle "playchess.com"]
[Source "ChessBase"]
[SourceQuality "1"]
[WhiteTeam "Lebanon"]
[BlackTeam "Norway"]
[WhiteTeamCountry "LBN"]
[BlackTeamCountry "NOR"]

1. d4 Nf6 2. c4 e6 3. g3 d5 4. Bg2 dxc4 5. Nf3 Nc6 6. O-O Rb8 7. a4 Na5 8. Nbd2
b6 9. Qc2 Bb7 10. e4 Be7 11. Rd1 Nb3 12. Ra2 O-O 13. e5 Nd5 14. Qxc4 Nxc1 15.
Qxc1 Rc8 16. Nb3 c5 17. dxc5 bxc5 18. Nfd2 Nb4 19. Bxb7 Nxa2 20. Qb1 Rc7 21.
Be4 Rd7 22. Bc6 Rc7 23. Be4 Nb4 24. Bxh7+ Kh8 25. Nc4 Rd7 26. Re1 Nd3 27. Rd1
g6 28. Bxg6 fxg6 29. Nc1 Nxf2 30. Rxd7 Qxd7 0-1

[Event "44th Chess Olympiad Open 2022"]
[Site "Chennai"]
[Date "2022.07.29"]
[Round "1.4"]
[White "Anton Guijarro, David"]
[Black "Kett, Tim"]
[Result "1-0"]
[WhiteElo "2667"]
[BlackElo "2197"]
[Annotator "TA"]
[PlyCount "76"]
[EventDate "2022.07.29"]
[EventType "team-tourn"]
[EventCountry "IND"]
[SourceTitle "playchess.com"]
[Source "ChessBase"]
[SourceQuality "1"]
[WhiteTeam "Spain"]
[BlackTeam "Wales"]
[WhiteTeamCountry "ESP"]
[BlackTeamCountry "WLS"]

1. c4 e5 2. Nc3 Bb4 3. Nd5 Be7 4. Nf3 Nc6 5. d3 Nf6 6. g3 O-O 7. Bg2 d6 8. O-O
Nxd5 9. cxd5 Nb4 10. e4 f5 11. a3 Na6 12. b4 Qe8 13. Bb2 c5 14. dxc6 bxc6 15.
exf5 Bxf5 16. Nd2 Nc7 17. Rc1 Bd7 18. Qc2 Bg5 19. Rcd1 Ne6 20. Nb3 Qg6 21. Bxc6
Rac8 22. b5 Nf4 23. f3 Bd8 24. Kh1 Nh5 25. Rd2 Bb6 26. d4 Bf5 27. Qd1 Bh3 28.
Rff2 Qh6 29. Kg1 Bf5 30. a4 a6 31. a5 Bxd4 32. Bxd4 exd4 33. Nxd4 axb5 34. Nxf5
Rxf5 35. Bd7 Rfc5 36. Bxc8 Rxc8 37. a6 Qe3 38. Kg2 Nf6 1-0

[Event "44th Chess Olympiad Open 2022"]
[Site "Chennai"]
[Date "2022.07.29"]
[Round "1.4"]
[White "Blackburn, Jonathan L B"]
[Black "Vallejo Pons, Francisco"]
[Result "0-1"]
[WhiteElo "2176"]
[BlackElo "2702"]
[Annotator "TA"]
[PlyCount "90"]
[EventDate "2022.07.29"]
[EventType "team-tourn"]
[EventCountry "IND"]
[SourceTitle "playchess.com"]
[Source "ChessBase"]
[SourceQuality "1"]
[WhiteTeam "Wales"]
[BlackTeam "Spain"]
[WhiteTeamCountry "WLS"]
[BlackTeamCountry "ESP"]

1. d4 d6 2. Nf3 g6 3. c4 Bg7 4. Nc3 Nf6 5. e4 O-O 6. Be2 Nbd7 7. h3 e5 8. d5
Nc5 9. Qc2 Nh5 10. b4 Nd7 11. Rb1 Nf4 12. Bf1 a5 13. a3 f5 14. g3 Nh5 15. Ng5
Nb8 16. exf5 gxf5 17. Be2 axb4 18. axb4 Qe8 19. Nb5 Na6 20. Bd2 Qg6 21. c5 Bf6
22. h4 Be7 23. cxd6 cxd6 24. Qd1 Nf6 25. h5 Qg7 26. h6 Qg6 27. Nc3 Ng4 28. Nf3
Bd7 29. Nh4 Qf7 30. f4 Rae8 31. Ng2 Bd8 32. Kf1 Bb6 33. Qb3 Qg6 34. Nh4 Qxh6
35. Kg2 Qg7 36. Bxg4 fxg4 37. Rbe1 exf4 38. Bxf4 Qd4 39. Nd1 Nxb4 40. Rhf1
Qxd5+ 41. Qxd5+ Nxd5 42. Bxd6 Rxe1 43. Rxf8+ Kg7 44. Nf2 Ne3+ 45. Kh2 Bc6 0-1

[Event "44th Chess Olympiad Open 2022"]
[Site "Chennai"]
[Date "2022.07.29"]
[Round "1.4"]
[White "Bullen, Alex"]
[Black "Santos Latasa, Jaime"]
[Result "0-1"]
[WhiteElo "2106"]
[BlackElo "2675"]
[Annotator "TA"]
[PlyCount "132"]
[EventDate "2022.07.29"]
[EventType "team-tourn"]
[EventCountry "IND"]
[SourceTitle "playchess.com"]
[Source "ChessBase"]
[SourceQuality "1"]
[WhiteTeam "Wales"]
[BlackTeam "Spain"]
[WhiteTeamCountry "WLS"]
[BlackTeamCountry "ESP"]

1. d4 Nf6 2. Nf3 d5 3. c4 e6 4. g3 Bb4+ 5. Bd2 Be7 6. Bg2 Nbd7 7. O-O c6 8. Qc2
O-O 9. Bf4 Ne4 10. Nc3 g5 11. Bc1 f5 12. b3 Bf6 13. e3 h5 14. Bb2 Bg7 15. Rad1
Qe7 16. h4 Bf6 17. hxg5 Bxg5 18. Ne2 h4 19. gxh4 Bh6 20. Ng5 Nxg5 21. hxg5 Bxg5
22. Nf4 Rf7 23. Rfe1 Rg7 24. Qe2 Nf6 25. Nh5 Nxh5 26. Qxh5 Bd7 27. Kf1 Bh4 28.
Rd2 Rg4 29. Bf3 Kg7 30. Bxg4 Be8 31. Ba3 Qf6 32. Bf8+ Kxf8 33. Qh7 fxg4 34.
Qxb7 Rd8 35. Kg1 Bg6 36. cxd5 exd5 37. Rc1 Be8 38. Qxa7 Rd7 39. Qb8 Rf7 40. Qh2
g3 41. fxg3 Bxg3 42. Qg2 Qh6 43. Qxg3 Rg7 44. Rf1+ Ke7 45. Qxg7+ Qxg7+ 46. Rg2
Qh6 47. Rf4 Bg6 48. Rgg4 Bd3 49. Kg2 Kd6 50. b4 Bc2 51. Kf2 Kc7 52. Rg1 Kb6 53.
Rc1 Qh2+ 54. Ke1 Bd3 55. Rf2 Qg1+ 56. Kd2 Qxf2+ 57. Kxd3 Qxa2 58. Rc3 Qb2 59.
Rc2 Qb3+ 60. Kd2 Qxb4+ 61. Kd3 Kc7 62. Rc5 Qe1 63. Rc2 Kd6 64. Rh2 Qd1+ 65. Kc3
Qc1+ 66. Kd3 Qa3+ 0-1

[Event "44th Chess Olympiad Open 2022"]
[Site "Chennai"]
[Date "2022.07.29"]
[Round "1.5"]
[White "Piorun, Kacper"]
[Black "Altorky, Amer"]
[Result "1-0"]
[WhiteElo "2636"]
[BlackElo "2040"]
[Annotator "TA"]
[PlyCount "79"]
[EventDate "2022.07.29"]
[EventType "team-tourn"]
[EventCountry "IND"]
[SourceTitle "playchess.com"]
[Source "ChessBase"]
[SourceQuality "1"]
[WhiteTeam "Poland"]
[BlackTeam "Syria"]
[WhiteTeamCountry "POL"]
[BlackTeamCountry "SYR"]

1. e4 d5 2. exd5 Qxd5 3. Nc3 Qd6 4. d4 Nf6 5. Nf3 c6 6. g3 Bg4 7. Bg2 e6 8. O-O
Be7 9. Bf4 Qd8 10. h3 Bh5 11. Ne2 Nbd7 12. c4 O-O 13. Nc3 h6 14. Qe2 Re8 15.
Rad1 Qa5 16. g4 Bg6 17. a3 Rad8 18. Rfe1 Bh7 19. Bg3 Bf8 20. Qe3 Rc8 21. Ne5
Rcd8 22. Nf3 c5 23. Nb5 Rc8 24. dxc5 Bxc5 25. Qe2 Qa4 26. b4 Be7 27. g5 hxg5
28. Nxg5 Qc2 29. Nxh7 Qxh7 30. Bxb7 Nb6 31. Bxc8 Rxc8 32. c5 Nbd5 33. Nxa7 Ra8
34. Nc6 Qxh3 35. Qf3 Bf8 36. Rd4 g5 37. Ne5 Bg7 38. c6 Ra7 39. b5 Nf4 40. Bxf4
1-0

[Event "44th Chess Olympiad Open 2022"]
[Site "Chennai"]
[Date "2022.07.29"]
[Round "1.5"]
[White "Bartel, Mateusz"]
[Black "Eiti, Bashir"]
[Result "1-0"]
[WhiteElo "2597"]
[BlackElo "2337"]
[Annotator "TA"]
[PlyCount "139"]
[EventDate "2022.07.29"]
[EventType "team-tourn"]
[EventCountry "IND"]
[SourceTitle "playchess.com"]
[Source "ChessBase"]
[SourceQuality "1"]
[WhiteTeam "Poland"]
[BlackTeam "Syria"]
[WhiteTeamCountry "POL"]
[BlackTeamCountry "SYR"]

1. c4 Nf6 2. Nf3 c6 3. Nc3 d6 4. d4 Bf5 5. Nh4 Bg4 6. h3 Bh5 7. g3 Nbd7 8. Bg2
e5 9. O-O Be7 10. d5 cxd5 11. cxd5 O-O 12. Qb3 Nc5 13. Qa3 Qd7 14. b4 Na6 15.
e4 Rfc8 16. Qb3 Rc7 17. Be3 Rac8 18. Rfc1 b5 19. Nf5 Bf8 20. g4 Bg6 21. Bf1 Rb7
22. f3 Nc7 23. Ne2 Bxf5 24. gxf5 Nh5 25. Rc6 Ne8 26. Rac1 Rcb8 27. Qc3 g6 28.
fxg6 hxg6 29. Rc8 Kh7 30. Qc6 Qe7 31. Rc3 Bh6 32. Bf2 Bd2 33. Rxb8 Rxb8 34. Ra3
Rb7 35. Ra5 Bxb4 36. Rxb5 Rc7 37. Qa8 Bc5 38. Bxc5 dxc5 39. Rb8 Qg5+ 40. Kh1
Nhf6 41. d6 Rd7 42. Rxe8 Nxe8 43. Qxe8 Qd8 44. Qxe5 Qb6 45. Nc3 Qxd6 46. Qxd6
Rxd6 47. Nd5 Rd8 48. Bc4 Rb8 49. Bb3 a5 50. Ne3 a4 51. Bd5 Kg7 52. Nc4 f5 53.
Kg2 Rb1 54. h4 fxe4 55. fxe4 Rc1 56. Kf3 Kf6 57. e5+ Kf5 58. e6 Kf6 59. Ne3 Rh1
60. Kg3 Rb1 61. Kf4 Rb4+ 62. Bc4 Rb8 63. Ng4+ Ke7 64. Ne5 Rf8+ 65. Ke4 Rf6 66.
Nd3 Kd6 67. Nf4 Rf5 68. Nxg6 Rf6 69. e7 Rf1 70. Bxf1 1-0

[Event "44th Chess Olympiad Open 2022"]
[Site "Chennai"]
[Date "2022.07.29"]
[Round "1.5"]
[White "Koniahli, Malek."]
[Black "Moranda, Wojciech"]
[Result "0-1"]
[WhiteElo "2238"]
[BlackElo "2636"]
[Annotator "TA"]
[PlyCount "94"]
[EventDate "2022.07.29"]
[EventType "team-tourn"]
[EventCountry "IND"]
[SourceTitle "playchess.com"]
[Source "ChessBase"]
[SourceQuality "1"]
[WhiteTeam "Syria"]
[BlackTeam "Poland"]
[WhiteTeamCountry "SYR"]
[BlackTeamCountry "POL"]

1. c4 Nf6 2. Nc3 c5 3. Nf3 e6 4. e3 d5 5. cxd5 Nxd5 6. d4 cxd4 7. Nxd5 Qxd5 8.
Qxd4 Qxd4 9. Nxd4 Bd7 10. Bd2 Nc6 11. Nxc6 Bxc6 12. Rc1 Bd6 13. Bc3 f6 14. Bc4
Ke7 15. O-O Rac8 16. Bb3 h5 17. Rfd1 h4 18. Rxd6 Kxd6 19. Bb4+ Kc7 20. Bxe6
Rcd8 21. Bc3 Kb8 22. h3 Bd5 23. Bxd5 Rxd5 24. Kf1 Rc8 25. Re1 Re8 26. e4 Rc5
27. f3 Kc7 28. Kf2 Kd7 29. f4 Ke6 30. Rd1 g6 31. Kf3 f5 32. Re1 Kf7 33. e5 Ke6
34. Re3 Rd8 35. Be1 Rc2 36. Rb3 b6 37. Bxh4 Rd1 38. g4 Rh2 39. Rc3 Rxh3+ 40.
Bg3 Rd2 41. Rc6+ Kd7 42. Rc3 Rxb2 43. Rd3+ Ke7 44. a3 b5 45. Rc3 a5 46. Rc7+
Kd8 47. Rc3 a4 0-1

[Event "44th Chess Olympiad Open 2022"]
[Site "Chennai"]
[Date "2022.07.29"]
[Round "1.5"]
[White "Chekh Adm Khedr, Aram"]
[Black "Wojtaszek, Radoslaw"]
[Result "0-1"]
[WhiteElo "2147"]
[BlackElo "2708"]
[Annotator "TA"]
[PlyCount "115"]
[EventDate "2022.07.29"]
[EventType "team-tourn"]
[EventCountry "IND"]
[SourceTitle "playchess.com"]
[Source "ChessBase"]
[SourceQuality "1"]
[WhiteTeam "Syria"]
[BlackTeam "Poland"]
[WhiteTeamCountry "SYR"]
[BlackTeamCountry "POL"]

1. e4 c5 2. Nf3 d6 3. d4 cxd4 4. Nxd4 Nf6 5. Nc3 a6 6. Be2 e6 7. O-O Qc7 8. f4
Nc6 9. Kh1 Bd7 10. f5 Be7 11. fxe6 fxe6 12. Bh5+ g6 13. Bg4 Nxd4 14. Qxd4 O-O
15. Bh3 e5 16. Qd3 Bxh3 17. Qxh3 Ng4 18. Be3 Rxf1+ 19. Rxf1 Qc4 20. Kg1 Nxe3
21. Qxe3 d5 22. Qd3 Qxd3 23. cxd3 Bc5+ 24. Kh1 dxe4 25. dxe4 Bd4 26. Nd5 Bxb2
27. h3 Rf8 28. Rb1 Rf2 29. Kh2 h5 30. Kg3 Rd2 31. a4 Kg7 32. Kf3 b5 33. axb5
axb5 34. Nc7 b4 35. Nd5 Bd4 36. h4 Rd3+ 37. Ke2 Rg3 38. Rxb4 Rxg2+ 39. Kf3 Rf2+
40. Kg3 Rf7 41. Rc4 Bf2+ 42. Kh3 Rf3+ 43. Kg2 Rf8 44. Kh3 Ra8 45. Rc7+ Kh6 46.
Rc6 Ra7 47. Rc2 Be1 48. Re2 Ra3+ 49. Re3 Ra1 50. Rb3 Ba5 51. Kg2 Bd8 52. Rh3
Re1 53. Kf3 Rg1 54. Ne3 Bb6 55. Nd5 Bc5 56. Rg3 Rh1 57. Rg5 Bd6 58. Rg2 0-1

[Event "44th Chess Olympiad Open 2022"]
[Site "Chennai"]
[Date "2022.07.29"]
[Round "1.6"]
[White "Mamedov, Rauf"]
[Black "Nassr, Ali"]
[Result "1-0"]
[WhiteElo "2656"]
[BlackElo "2263"]
[Annotator "TA"]
[PlyCount "83"]
[EventDate "2022.07.29"]
[EventType "team-tourn"]
[EventCountry "IND"]
[SourceTitle "playchess.com"]
[Source "ChessBase"]
[SourceQuality "1"]
[WhiteTeam "Azerbaijan"]
[BlackTeam "Algeria"]
[WhiteTeamCountry "AZE"]
[BlackTeamCountry "ALG"]

1. e4 c5 2. Nf3 e6 3. c3 Nc6 4. d4 cxd4 5. cxd4 d5 6. e5 Nge7 7. Bd3 Nf5 8. Bc2
Be7 9. Nc3 O-O 10. O-O Nh4 11. Nxh4 Bxh4 12. Be3 Be7 13. Rc1 Na5 14. Qg4 f5 15.
exf6 Bxf6 16. b3 Nc6 17. Qd1 Bd7 18. Na4 b6 19. Nc3 Rc8 20. Bb1 Ne7 21. Qd3 g6
22. Qd2 Nc6 23. Rfe1 a6 24. Kh1 b5 25. Ne2 Qb6 26. Red1 Be7 27. Ng1 Ba3 28. Rc2
Ne7 29. Nf3 Rxc2 30. Bxc2 Nf5 31. Bxf5 exf5 32. Ne5 Be6 33. Bh6 Rc8 34. Qg5 Qd8
35. Qe3 Bf7 36. h3 Qh4 37. Qd2 Qe7 38. Qa5 Ra8 39. Qb6 Be6 40. Re1 Re8 41. Qxa6
Qd6 42. Qxb5 1-0

[Event "44th Chess Olympiad Open 2022"]
[Site "Chennai"]
[Date "2022.07.29"]
[Round "1.6"]
[White "Durarbayli, Vasif"]
[Black "Djabri, Massinas"]
[Result "1-0"]
[WhiteElo "2638"]
[BlackElo "2206"]
[Annotator "TA"]
[PlyCount "63"]
[EventDate "2022.07.29"]
[EventType "team-tourn"]
[EventCountry "IND"]
[SourceTitle "playchess.com"]
[Source "ChessBase"]
[SourceQuality "1"]
[WhiteTeam "Azerbaijan"]
[BlackTeam "Algeria"]
[WhiteTeamCountry "AZE"]
[BlackTeamCountry "ALG"]

1. e4 c5 2. Nf3 d6 3. d4 cxd4 4. Nxd4 Nf6 5. Nc3 a6 6. Be2 e5 7. Nb3 Be7 8. Be3
O-O 9. g4 Be6 10. g5 Nfd7 11. h4 Nb6 12. Qd2 Nc4 13. Bxc4 Bxc4 14. f4 exf4 15.
Bxf4 Nc6 16. O-O-O Ne5 17. Nd4 Qc7 18. h5 Rac8 19. Kb1 Rfd8 20. Rdg1 g6 21.
hxg6 fxg6 22. Qh2 Bf8 23. b3 h5 24. gxh6 Kh7 25. Qg3 Qb6 26. Nd5 Bxd5 27. exd5
Qxd4 28. Bxe5 Qe4 29. Bc3 Rc5 30. Rh4 Rxc3 31. Rxe4 Rxg3 32. Rxg3 1-0